Southville International School and Colleges
Your cart is empty.
  • Cart
  • Lists
    Public lists Eva Luna New books Lux_list list_1
    Your lists Log in to create your own lists
  • Log in to your account
  • Your cookies
  • Search history
Southville International School and Colleges
  • Advanced search
  • Recent comments
  • Most popular
  • Libraries

Log in to your account

Log in with GOOGLE


If you do not have an external account, but do have a local account, you can still log in:

  1. Home
  2. MARC view: Moon called /
Normal view MARC view ISBD view

Moon called / (Record no. 296229)

[ view plain ]
MARC details
000 -LEADER
fixed length control field 01412cam a22003613a 4500
001 - CONTROL NUMBER
control field 14383397
003 - CONTROL NUMBER IDENTIFIER
control field SISC
005 - DATE AND TIME OF LATEST TRANSACTION
control field 20160711091243.0
008 - FIXED-LENGTH DATA ELEMENTS--GENERAL INFORMATION
fixed length control field 060124s2006 nyu 000 1 eng d
010 ## - LIBRARY OF CONGRESS CONTROL NUMBER
LC control number 2006576720
020 ## - INTERNATIONAL STANDARD BOOK NUMBER
International Standard Book Number 0441013813 (pbk.) :
Terms of availability $7.99
020 ## - INTERNATIONAL STANDARD BOOK NUMBER
International Standard Book Number 9780441013814
035 ## - SYSTEM CONTROL NUMBER
System control number (OCoLC)ocm63145976
040 ## - CATALOGING SOURCE
Original cataloging agency OC2
Transcribing agency OC2
Modifying agency BAKER
-- NTE
-- DAY
-- DLC
042 ## - AUTHENTICATION CODE
Authentication code lccopycat
050 ## - LIBRARY OF CONGRESS CALL NUMBER
Classification number PZ 7
Item number .B854 2006
100 1# - MAIN ENTRY--PERSONAL NAME
Personal name Briggs, Patricia.
245 10 - TITLE STATEMENT
Title Moon called /
Statement of responsibility, etc Patricia Briggs.
250 ## - EDITION STATEMENT
Edition statement Ace edition.
260 ## - PUBLICATION, DISTRIBUTION, ETC. (IMPRINT)
Place of publication, distribution, etc New York :
Name of publisher, distributor, etc Ace Books,
Date of publication, distribution, etc 2006.
300 ## - PHYSICAL DESCRIPTION
Extent 288 pages ;
Dimensions 18 cm.
500 ## - GENERAL NOTE
General note "Ace fantasy"--Spine.
520 ## - SUMMARY, ETC.
Summary, etc Mercy Thompson's life is not exactly normal. Her next-door neighbor is a werewolf. Her former boss is a gremlin. And she's fixing a VW bus for a vampire. But then, Mercy isn't exactly normal herself.
650 #0 - SUBJECT ADDED ENTRY--TOPICAL TERM
Topical term or geographic name as entry element Werewolves
Form subdivision Fiction.
650 #0 - SUBJECT ADDED ENTRY--TOPICAL TERM
Topical term or geographic name as entry element Fantasy fiction, American.
655 #7 - INDEX TERM--GENRE/FORM
Genre/form data or focus term Fantasy fiction.
Source of term gsafd
710 2# - ADDED ENTRY--CORPORATE NAME
Corporate name or jurisdiction name as entry element Copyright Paperback Collection (Library of Congress)
Institution to which field applies DLC
856 42 - ELECTRONIC LOCATION AND ACCESS
Materials specified Contributor biographical information
Uniform Resource Identifier <a href="http://www.loc.gov/catdir/enhancements/fy0718/2006576720-b.html">http://www.loc.gov/catdir/enhancements/fy0718/2006576720-b.html</a>
856 42 - ELECTRONIC LOCATION AND ACCESS
Materials specified Publisher description
Uniform Resource Identifier <a href="http://www.loc.gov/catdir/enhancements/fy0718/2006576720-d.html">http://www.loc.gov/catdir/enhancements/fy0718/2006576720-d.html</a>
906 ## - LOCAL DATA ELEMENT F, LDF (RLIN)
a 7
b cbc
c copycat
d 2
e ncip
f 20
g y-genrareb
942 ## - ADDED ENTRY ELEMENTS (KOHA)
Source of classification or shelving scheme Library of Congress Classification
Koha item type Books
Holdings
Withdrawn status Lost status Source of classification or shelving scheme Damaged status Home library Current library Shelving location Date acquired Source of acquisition Sub Shelving location Total Checkouts Full call number Barcode Date last seen Price effective from Koha item type
    Library of Congress Classification   College Library College Library Fiction Section 07/11/2016 Donation     PZ 7 .B854 2006 C20602 05/08/2018 07/11/2016 Books

Moon called /

APA

Briggs P., Copyright Paperback Collection (Library of Congress), . (2006). Moon called. New York: Ace Books.

Chicago

Briggs Patricia, Copyright Paperback Collection (Library of Congress), . 2006. Moon called. New York: Ace Books.

Harvard

Briggs P., Copyright Paperback Collection (Library of Congress), . (2006). Moon called. New York: Ace Books.

MLA

Briggs Patricia, Copyright Paperback Collection (Library of Congress), . Moon called. New York: Ace Books. 2006.

  • Place hold
  • Print
  • Cite
  • Add to your cart (remove)
  • Save record
    BIBTEX Dublin Core MARCXML MARC (non-Unicode/MARC-8) MARC (Unicode/UTF-8) MARC (Unicode/UTF-8, Standard) MODS (XML) RIS
  • More searches
    Search for this title in:
    Other Libraries (WorldCat) Other Databases (Google Scholar) Online Stores (Bookfinder.com) Open Library (openlibrary.org)

Exporting to Dublin Core...

SOUTHVILLE LIBRARY

Southville International School and Colleges Library

1281 Tropical Ave. Cor. Luxembourg St., BF Homes International, Las Pinas City

Tel. No. 8256374 / 252358 Loc. 117/146

Powered by Koha